| 000 | 00527nam a22001697a 4500 | ||
|---|---|---|---|
| 999 |
_c8452 _d8452 |
||
| 008 | 201124b ||||| |||| 00| 0 eng d | ||
| 040 | _aBMS College of Architecture | ||
| 100 | _aShastry, S Neha | ||
| 245 | _aH.O.I.D.- House of learning and development | ||
| 300 | _a85p. | ||
| 500 | _a1BM14AT055 | ||
| 502 |
_8B,Arch _NBMS College of Architecture, Visvesvaraya Technological University (VTU) _aProject report _d2018 |
||
| 650 | _aHouse | ||
| 700 |
_aReshmi M K _eGuide |
||
| 700 |
_asantosh Kumar _eGuide |
||
| 942 |
_2ddc _cTHE |
||